00367 2200157 4500001002100000005001500021035002000036245004500056100001700101300001200118260003300130082000800163084001400171990001200185990001200197INLIS00000000000209020250527095915 a0010-05250003821 aDasar - Dasar Sepak Bola /cDanny Mielke0 aDanny Mielke a129 hlm aBandung :bPakar Raya,c2007 a700 a700 DAN d a0712990 a0712991